[Event "Iraklion op"]
[Site "Iraklion"]
[Date "1992.??.??"]
[Round "8"]
[White "Skembris, Spyridon"]
[Black "Csom, Istvan"]
[Result "1/2-1/2"]
[WhiteElo "2530"]
[BlackElo "2490"]

1.d4 Nf6 2.c4 e6 3.Nf3 b6 4.g3 Ba6 5.Qa4 Bb7 6.Bg2 c5 7.dxc5 bxc5 8.Nc3 Be7
9.O-O O-O 10.Rd1 Qb6 11.Bf4 Qb4 12.Qxb4 cxb4 13.Nb5 Na6 14.Bd6 Bxd6 15.Nxd6 Bc6
16.Ne5 Bxg2 17.Kxg2 Nc5 18.f3 h6 19.Nd3 Nxd3 20.Rxd3 Rfb8 21.Rad1 a6 22.Ne4 Nxe4
23.fxe4 b3 24.axb3 Ra7 25.Ra1 Kf8 26.Kf3 Ke7 27.e5 Rab7 28.Ra3 a5 29.Ke4 a4
30.Rxa4 Rxb3 31.Rxb3 Rxb3 32.Ra2 h5 33.Kd4 Kd8 34.e3 Ke7 35.c5 Kd8 36.h3 Rb4+
37.Kd3 Rb3+ 38.Kd4 Rb4+ 39.Kc3 Re4 40.Kd3 Rb4 41.Ra8+ Kc7 42.Rf8 Rxb2 43.Rxf7 g5
44.Rg7 Rh2 45.Rxg5 Rxh3 46.Kd4 Rh1 47.Ke4 Kc6 48.Kf3 Rh2 49.Rg7 Ra2 50.Rh7 Rh2
51.Ke4 Rg2 52.Kf3 Rh2 53.Rf7 Rd2 54.Rg7 Ra2 55.Rh7  1/2-1/2

[Event "Karvina op"]
[Site "Karvina"]
[Date "1992.??.??"]
[Round "7"]
[White "Polak, Tomas"]
[Black "Brodsky, Michail"]
[Result "1/2-1/2"]
[WhiteElo "2405"]
[BlackElo "2540"]

1.d4 Nf6 2.c4 e6 3.Nf3 b6 4.g3 Ba6 5.Qa4 Bb7 6.Bg2 c5 7.dxc5 Bxc5 8.O-O Be7
9.Nc3 Na6 10.Bf4 Nc5 11.Qc2 O-O 12.Rfd1 Qc8 13.Nd4 Bxg2 14.Kxg2 d6 15.f3 a6
16.e4 Qc7 17.Be3 Rac8 18.Rac1 Ncd7 19.b3 Qb7 20.Qb2 Rfe8 21.Bf2 Ne5 22.Qe2 Bf8
23.a4 h5 24.h4 d5 25.exd5 exd5 26.cxd5 Neg4 27.Ne4 Rxc1 28.Rxc1 Nxd5 29.fxg4 Nf4+
30.gxf4 Rxe4 31.Rc7 Qd5 32.Rd7 Qa8 33.Rd8  1/2-1/2

[Event "Karvina op"]
[Site "Karvina"]
[Date "1992.??.??"]
[Round "7"]
[White "Sobek, Jaroslav"]
[Black "Kostyra, Stanislaw"]
[Result "0-1"]
[WhiteElo "2280"]
[BlackElo "2365"]

1.d4 Nf6 2.c4 e6 3.Nf3 b6 4.g3 Ba6 5.b3 Bb7 6.Bg2 Bb4+ 7.Bd2 c5 8.O-O O-O
9.Nc3 cxd4 10.Nxd4 Bxg2 11.Kxg2 Nc6 12.Nf3 a6 13.Qc2 Qc7 14.Ne4 Nxe4 15.Bxb4 Nxb4
16.Qxe4 Rfd8 17.Rfd1 a5 18.Rd2 h6 19.Rad1 d5 20.cxd5 Nxd5 21.Rc2 Qb7 22.Rdc1 Rac8
23.Qe5 Rxc2 24.Rxc2 Nb4 25.Rc7 Qb8 26.a3 Nd5 27.Rd7 Qc8 28.Rxd8+ Qxd8 29.Qd4 Qc7
30.e4 Nc3 31.b4 axb4 32.axb4 Qc6 33.Nd2 f5 34.f3 fxe4 35.Nxe4 Nd5 36.Nf2 Qc2
37.Qd3 Qb2 38.b5 Kf7 39.f4 Qc3 40.Kf3 Ke7 41.Ke2 Qb2+ 42.Kf3 Nc7 43.Qc4 Kd8
44.Ne4 Qxb5 45.Qd4+ Nd5 46.f5 exf5 47.Nc3 Qf1+  0-1

[Event "Karvina op"]
[Site "Karvina"]
[Date "1992.??.??"]
[Round "9"]
[White "Fominyh, Alexander"]
[Black "Kostyra, Stanislaw"]
[Result "1/2-1/2"]
[WhiteElo "2530"]
[BlackElo "2365"]

1.d4 Nf6 2.Nf3 e6 3.c4 b6 4.g3 Ba6 5.Qa4 Bb7 6.Bg2 c5 7.dxc5 Bxc5 8.O-O O-O
9.Nc3 Be7 10.Rd1 Na6 11.Bf4 Nc5 12.Qc2 a6 13.Rd4 d5 14.cxd5 exd5 15.Be5 Ne6
16.Rd2 Rc8 17.Qd1 Rc4 18.Bxf6 Bxf6 19.Nxd5 Bxd5 20.Rxd5 Qc7 21.Rd2 Rd8 22.Rxd8+ Nxd8
23.b3 Rc2 24.Ne1 Rc3 25.Rb1 Ne6 26.Nd3 a5 27.a4 g6 28.Bd5 Nc5 29.Nf4 Be5
30.Ng2 h5 31.Bc4 Kg7 32.e3 Nxa4 33.Nf4 Nb2 34.Rxb2 Rxc4 35.bxc4 Bxb2 36.Qb3 Be5
37.Nd5 Qc5 38.f4 Ba1 39.Kf2 Qc6 40.Qb1 Qa4 41.Nxb6 Qa3 42.c5 Bc3 43.Qc2 Qxc5
44.Ke2 Qb5+ 45.Qd3 Qb2+ 46.Kf3 Bf6 47.Nd7 Qxh2  1/2-1/2

[Event "Katerini op"]
[Site "Katerini"]
[Date "1992.??.??"]
[Round "?"]
[White "Alterman, Boris"]
[Black "Anastasian, Ashot"]
[Result "1-0"]
[WhiteElo "2545"]
[BlackElo "2490"]

1.d4 Nf6 2.c4 e6 3.Nf3 b6 4.g3 Ba6 5.b3 Bb4+ 6.Bd2 Be7 7.Bg2 c6 8.Bc3 d5
9.Nbd2 Nbd7 10.O-O O-O 11.Qc2 b5 12.c5 b4 13.Bxb4 Bxe2 14.Rfe1 Bxf3 15.Bxf3 Re8
16.Bc3 a5 17.a3 Qc7 18.b4 axb4 19.axb4 Rxa1 20.Bxa1 Nb8 21.Qa4 Nfd7 22.Bg2 Bf6
23.Nf3 Kf8 24.Bf1 g6 25.Bc3 Kg7 26.Bd2 e5 27.Bf4 Re7 28.dxe5 Nxe5 29.Bxe5 Bxe5
30.b5 Bf6 31.b6 Qc8 32.Qf4 Qf8 33.h4 h5 34.Bh3 Na6 35.Qa4 Nb8 36.Qa8 Qe8
37.Rxe7 Bxe7 38.Qa1+ Bf6 39.Qa7 Be7 40.Qc7 Bxc5 41.b7 Qf8 42.Qe5+ Kg8  1-0

[Event "Katowice op"]
[Site "Katowice"]
[Date "1992.??.??"]
[Round "2"]
[White "Khomyakov, Vladimir"]
[Black "Kiselev, Sergey"]
[Result "0-1"]
[WhiteElo "2380"]
[BlackElo "2540"]

1.d4 Nf6 2.c4 e6 3.Nf3 b6 4.g3 Ba6 5.Qa4 Bb7 6.Bg2 c5 7.dxc5 bxc5 8.O-O Be7
9.Nc3 O-O 10.Bf4 Qb6 11.Rad1 d6 12.h3 Rd8 13.Rd2 h6 14.g4 Nc6 15.Qd1 d5 16.cxd5 exd5
17.b3 Qb4  0-1

[Event "Katowice op"]
[Site "Katowice"]
[Date "1992.??.??"]
[Round "2"]
[White "Wehmeier, Stefan"]
[Black "Jukic, Mirko"]
[Result "0-1"]
[WhiteElo "2315"]
[BlackElo "2455"]

1.d4 Nf6 2.c4 e6 3.Nf3 b6 4.g3 Ba6 5.b3 Bb4+ 6.Bd2 Be7 7.Nc3 O-O 8.Bg2 c6
9.Ne5 d5 10.cxd5 cxd5 11.O-O Nfd7 12.Rc1 Nxe5 13.dxe5 Qd7 14.Bf4 Nc6 15.Nxd5 exd5
16.Qxd5 Qxd5 17.Bxd5 Nd4 18.Bxa8 Nxe2+ 19.Kg2 Nxc1 20.Rxc1 Rxa8 21.Rc7 Bd8
22.Rd7 Bb5 23.Rd4 Bc7 24.a4 Bc6+ 25.Kf1 Rd8  0-1

[Event "Katowice op"]
[Site "Katowice"]
[Date "1992.??.??"]
[Round "3"]
[White "Jukic, Mirko"]
[Black "Balashov, Yuri S"]
[Result "1-0"]
[WhiteElo "2455"]
[BlackElo "2565"]

1.d4 Nf6 2.c4 e6 3.Nf3 b6 4.g3 Ba6 5.Qa4 c5 6.Bg2 Bb7 7.O-O cxd4 8.Nxd4 Bxg2
9.Kxg2 Qc7 10.f3 a6 11.Rd1 Qb7 12.Nc3 Be7 13.Bg5 h6 14.Bxf6 Bxf6 15.Ne4 Be7
16.Qb3 Qc7 17.Rac1 O-O 18.Rc2 f5 19.Nf2 Bc5 20.Rcd2 Ra7 21.Qc3 Be7 22.Qd3 Nc6
23.Nxc6 Qxc6 24.Qb3 Rc7 25.Nd3 Bf6 26.Nf4 Rf7 27.Rd6 Qxc4 28.Qxb6 Be5 29.b3 Qc3
30.R6d3 Qb2 31.R3d2 Rc2 32.Qd8+ Kh7 33.Nd3 Qc3 34.Rxc2 Qxc2 35.Re1 Bf6 36.Qa5 Bc3
37.Qc7 Qd2 38.Kf1 Bd4 39.Qf4 Be3 40.Qa4 a5 41.Ne5 Bc5 42.Qf4 Qxf4 43.gxf4 Re7
44.e3 g5 45.fxg5 hxg5 46.Rc1 Bxe3 47.Rc7 Bf4 48.Rxd7 Rxd7 49.Nxd7 Bxh2 50.Nf8+ Kg7
51.Nxe6+ Kf6 52.Nd4 Bc7 53.Nb5 Bb6 54.Nd6 Bc7  1-0

[Event "Katowice op"]
[Site "Katowice"]
[Date "1992.??.??"]
[Round "3"]
[White "Kiselev, Sergey"]
[Black "Raetsky, Alexander"]
[Result "1-0"]
[WhiteElo "2540"]
[BlackElo "2455"]

1.d4 Nf6 2.c4 e6 3.Nf3 b6 4.g3 Ba6 5.b3 d5 6.Bg2 dxc4 7.Ne5 Bb4+ 8.Kf1 Bd6
9.Nxc4 Nd5 10.Bb2 O-O 11.Bf3 f5 12.Qc2 Nd7 13.Nbd2 N7f6 14.a3 Rc8 15.b4 Qe8
16.Qb3 g5 17.Kg1 g4 18.Bg2 f4 19.e4 fxe3 20.fxe3 Qg6 21.b5 Bb7 22.e4 Rf7
23.exd5 Bxd5 24.Bxd5 exd5 25.Ne5 Bxe5 26.dxe5 Ne4 27.Qxd5 Qg5 28.Qxe4 Qxd2
29.Qxg4+  1-0

[Event "Katowice op"]
[Site "Katowice"]
[Date "1992.??.??"]
[Round "4"]
[White "Petrienko, Vladimir"]
[Black "Budnikov, Alexandar"]
[Result "1/2-1/2"]
[WhiteElo "2440"]
[BlackElo "2520"]

1.d4 Nf6 2.Nf3 e6 3.c4 b6 4.g3 Ba6 5.Qa4 Bb7 6.Bg2 c5 7.O-O Be7 8.Nc3 cxd4
9.Nxd4 Bxg2 10.Kxg2 Qc7 11.Rd1 O-O 12.Bf4 Qb7+ 13.f3 a6 14.Rac1 d6 15.Nc2 Rd8
16.Nb4 Ra7 17.a3 Qc8 18.Qb3 Rc7 19.Na4 Qb7 20.Na2 Rc6 21.Nb4 Rcc8 22.Na2 Rc6  1/2-1/2

[Event "Katowice op"]
[Site "Katowice"]
[Date "1992.??.??"]
[Round "9"]
[White "Danielian, Oganes"]
[Black "Savon, Vladimir A"]
[Result "0-1"]
[WhiteElo "2315"]
[BlackElo "2440"]

1.d4 Nf6 2.c4 e6 3.Nf3 b6 4.g3 Ba6 5.Qa4 Bb7 6.Bg2 c5 7.dxc5 bxc5 8.O-O Be7
9.Nc3 O-O 10.Rd1 Qb6 11.Bf4 d6 12.Rd2 h6 13.Qb5 Qc7 14.Qb3 a6 15.Qd1 Rd8
16.h3 Nc6 17.g4 Na5 18.b3 Ne4 19.Nxe4 Bxe4 20.Qf1 Nc6 21.Rad1 a5 22.Ne1 Bxg2
23.Qxg2 a4 24.Nc2 axb3 25.axb3 Rab8 26.Rd3 Ra8 27.g5 hxg5 28.Bxg5 Ra2 29.Bh6 Bf8
30.R1d2 f6 31.Rg3 Rb2 32.Qe4 Qd7 33.Kg2 d5 34.Qh4 Qf7 35.Nb4 Rxd2 36.Nxc6 dxc4
37.Qxc4 R8d4 38.Nxd4 Rxd4 39.Qa6 Qd7 40.Qa8 Kf7 41.Bc1 Rd1 42.Bb2 Rd2 43.Bc3 Rxe2
44.Qa6 Qd5+ 45.Kg1 Rc2 46.Qa7+ Kg8 47.Qa1 Bd6  0-1

[Event "Katowice op"]
[Site "Katowice"]
[Date "1992.??.??"]
[Round "9"]
[White "Jukic, Mirko"]
[Black "Mitenkov, Alexey"]
[Result "1/2-1/2"]
[WhiteElo "2455"]
[BlackElo "2390"]

1.d4 Nf6 2.Nf3 e6 3.c4 b6 4.g3 Ba6 5.Qa4 Bb7 6.Bg2 c5 7.O-O cxd4 8.Nxd4 Bxg2
9.Kxg2 Qc8 10.Rd1 Qb7+ 11.f3 a6 12.Nc3 Be7 13.Bg5 h6 14.Bxf6 Bxf6 15.Qb3 Nc6
16.Ne4 Be7 17.c5 O-O 18.Nxc6 Qxc6 19.Qxb6 Qxb6 20.cxb6 d5 21.Nc3 Rfb8 22.Na4 Bd8
23.e4 dxe4 24.Rd6 exf3+ 25.Kxf3 Kf8 26.Rad1 Ke8 27.Rc6 a5 28.Ke4 Be7 29.Rc7 Bd8
30.Rc6 Be7 31.Rd3 Rb7 32.Rc7 Rxc7 33.bxc7 Rc8 34.Rc3 Bd6 35.Rc6 Kd7 36.Ra6 Bxc7
37.Nc5+ Ke7 38.Rc6 Kd8 39.Kd3 Rb8 40.Na6 Rb7 41.Nxc7 Rxc7 42.Ra6 Rc5 43.Ra7 Ke8
44.b3 e5 45.g4 g6 46.h4 Kf8 47.Ke4 Rb5 48.Ra8+ Ke7 49.Ra7+ Kf6 50.Ra6+ Kg7
51.Ra7 Rc5 52.a4 Rc3 53.Rxa5 Rxb3 54.Rxe5 Rb4+ 55.Kf3 Rxa4 56.Rb5 Ra3+ 57.Kg2 Re3
58.Ra5 Kf6 59.Rb5 Ke6 60.Ra5 Rd3 61.Ra7 g5 62.hxg5 hxg5 63.Ra2  1/2-1/2

[Event "Kecskemet2"]
[Site "Kecskemet"]
[Date "1992.??.??"]
[Round "8"]
[White "Sjoberg, Mats"]
[Black "Tolnai, Tibor"]
[Result "1-0"]
[WhiteElo "2470"]
[BlackElo "2495"]

1.d4 Nf6 2.c4 e6 3.Nf3 b6 4.g3 Ba6 5.b3 Bb7 6.Bg2 Bb4+ 7.Bd2 a5 8.O-O O-O
9.Nc3 Ne4 10.Rc1 Nxd2 11.Qxd2 a4 12.Qc2 axb3 13.axb3 f5 14.Rb1 Qf6 15.Ne5 Bxg2
16.Kxg2 d6 17.Nf3 Bxc3 18.Qxc3 Nd7 19.Ra1 h6 20.Rxa8 Rxa8 21.Ra1 Qd8 22.b4 Qb8
23.h4 Nf6 24.Ra3 Rxa3 25.Qxa3 b5 26.c5 Qb7 27.cxd6 cxd6 28.Qa5 Kh7 29.Qd8 Qe4
30.Qxd6 Qxe2 31.Qf4 Ne4 32.Ne5 Qb2 33.g4 g5 34.hxg5 hxg5 35.Qe3 Kg7 36.gxf5 exf5
37.Qf3 Kf6 38.Ng4+ Kg6 39.Ne3 Qxd4 40.Qxf5+ Kg7 41.Qxb5 Kf7 42.Qf5+ Ke8 43.Nd5 Kd8
44.b5  1-0

[Event "JUG-ch"]
[Site "Kladovo"]
[Date "1992.??.??"]
[Round "10"]
[White "Stanojevic, Branko"]
[Black "Brajovic, Radovan"]
[Result "1-0"]
[WhiteElo "2395"]
[BlackElo "2295"]

1.d4 Nf6 2.c4 e6 3.Nf3 b6 4.g3 Ba6 5.b3 b5 6.cxb5 Bxb5 7.Bg2 Bb4+ 8.Bd2 a5
9.O-O Bc6 10.a3 Bxd2 11.Nbxd2 O-O 12.Qc2 Qc8 13.e4 Qb7 14.Rfe1 h6 15.Rac1 Rc8
16.h3 d6 17.Re3 Bd7 18.Rc3 Na6 19.Nc4 a4 20.Nfd2 axb3 21.Nxb3 d5 22.Nca5 Qb5
23.e5 Nh7 24.Bf1 Qb6 25.Nc6 Ng5 26.Ne7+ Kf8 27.Nxc8 Bxc8 28.Bxa6 Bxa6 29.Nc5 Bb5
30.h4 Ne4 31.Nxe4 dxe4 32.Rxc7 g5 33.Qc5+ Qxc5 34.R1xc5 Be8 35.hxg5 hxg5
36.d5 exd5 37.Rxd5 Rxa3 38.e6 fxe6 39.Rd8 e3 40.fxe3 Rxe3  1-0

[Event "Kobanya op"]
[Site "Kobanya op"]
[Date "1992.??.??"]
[Round "8"]
[White "Fokin, Sergey"]
[Black "Bagaturov, Giorgi"]
[Result "1/2-1/2"]
[WhiteElo "2340"]
[BlackElo "2420"]

1.Nf3 Nf6 2.d4 e6 3.c4 b6 4.g3 Ba6 5.Qc2 c5 6.d5 exd5 7.cxd5 g6 8.Nc3 Bg7
9.Bg5 O-O 10.e4 Bxf1 11.Kxf1 d6 12.h3 Qd7 13.Kg2 Na6 14.Kh2 c4 15.Rad1 Rfe8
16.Rhe1 Nc5 17.Re2 Nh5 18.Nd4 a6 19.Nc6 b5 20.a4 Qb7 21.axb5 axb5 22.Nb4 Nf6
23.Bf4 Qb6 24.Kg1 Nfd7 25.Be3 Qb7 26.Nc6 b4 27.Nb1 c3 28.bxc3 b3 29.Qc1 Nxe4
30.Bd4 Ndf6 31.c4 Nc5 32.Rxe8+ Nxe8 33.Bxg7 Nxg7 34.Qc3 Re8 35.Na3 Na4 36.Qd4 Nf5
37.Qf6 Nc5 38.Nb5 Re2 39.Nbd4 Nxd4 40.Nxd4 Qe7 41.Qxe7 Rxe7 42.Rb1 Rb7 43.Nb5 Rb6
44.Kf1 Kf8 45.Ke2 Ra6 46.Ke3 Ke7 47.Nc3 f5  1/2-1/2

[Event "Komotini op"]
[Site "Komotini"]
[Date "1992.??.??"]
[Round "?"]
[White "Skembris, Spyridon"]
[Black "Anastasian, Ashot"]
[Result "1-0"]
[WhiteElo "2520"]
[BlackElo "2490"]

1.d4 Nf6 2.c4 e6 3.Nf3 b6 4.g3 Ba6 5.b3 Bb4+ 6.Bd2 Be7 7.Bg2 c6 8.Bc3 d5
9.Nbd2 Nbd7 10.O-O O-O 11.Qb1 b5 12.Rd1 Qc7 13.e4 dxe4 14.Ne5 bxc4 15.bxc4 Rab8
16.Qc2 c5 17.Nxd7 Nxd7 18.Bxe4 f5 19.Bg2 cxd4 20.Bxd4 e5 21.Qa4 Bb7 22.Bxb7 Rxb7
23.Bc3 e4 24.Rab1 Rxb1 25.Rxb1 Bc5 26.Nb3 f4 27.Nxc5 Nxc5 28.Qd1 Nd3 29.Qg4 Qe7
30.Qh5 h6 31.Qd5+ Rf7 32.c5 fxg3 33.hxg3 Nxf2 34.c6 Nh3+ 35.Kg2 Ng5 36.Rb8+ Kh7
37.Rb7 Qa3 38.Rxf7 Nxf7 39.Qxe4+ Kg8 40.Qd4 Qxa2+ 41.Bb2 Kf8 42.c7 Qe6 43.Qc5+ Nd6
44.Be5 Qa2+ 45.Kh3 Qe6+ 46.g4  1-0

[Event "Kuala Lumpur op"]
[Site "Kuala Lumpur"]
[Date "1992.??.??"]
[Round "7"]
[White "Babu, N Sudhakar"]
[Black "Prasad, Devaki V"]
[Result "0-1"]
[WhiteElo "2365"]
[BlackElo "2415"]

1.d4 Nf6 2.c4 e6 3.Nf3 b6 4.g3 Ba6 5.b3 Bb4+ 6.Bd2 Be7 7.Bg2 c6 8.O-O d5
9.Qc2 Nbd7 10.Bf4 Rc8 11.Nbd2 c5 12.dxc5 Nxc5 13.Rac1 O-O 14.Qb2 b5 15.cxd5 Nxd5
16.Be5 f6 17.Bd4 b4 18.Bh3 Bxe2 19.Bxc5 Rxc5 20.Rxc5 Bxc5 21.Re1 Nc3 22.Ne4 Bxf3
23.Nxc5 e5 24.Ne6 Qd7 25.Qc2 e4 26.Ng5 Qd4 27.Ne6 Qd3 28.Qc1 Rc8  0-1

[Event "Leon"]
[Site "Leon"]
[Date "1992.??.??"]
[Round "5"]
[White "Gulko, Boris F"]
[Black "Garcia Ilundain, David"]
[Result "1/2-1/2"]
[WhiteElo "2560"]
[BlackElo "2420"]

1.d4 Nf6 2.c4 e6 3.Nf3 b6 4.g3 Ba6 5.b3 b5 6.cxb5 Bxb5 7.Bg2 c5 8.Ne5 d5
9.Nc3 cxd4 10.Qxd4 Nc6 11.Nxc6 Bxc6 12.O-O Be7 13.Bb2 O-O 14.Rfd1 Qa5 15.Rac1 Bc5
16.Qd2 Qb6 17.e3 Rfd8 18.Ne2 Be7 19.Qd4 Rdc8 20.Qxb6 axb6 21.a4 Be8 22.Nd4 Rc5
23.Bf1 Ne4 24.Rxc5 bxc5 25.Nb5 Bxb5 26.Bxb5 Nd6 27.Bd3 Rb8 28.Ba3 Nb7 29.Bb5 Na5
30.Rb1 Kf8 31.Bb2 Bf6 32.Bxf6 gxf6 33.b4 cxb4 34.Rxb4 f5 35.g4 fxg4 36.Rxg4 Nb7
37.Bd3 Nc5 38.Bxh7 Rb2 39.Rg8+ Ke7 40.a5 Ra2 41.Ra8 Kf6 42.h4 Kg7 43.Bg8 Ne4  1/2-1/2

[Event "Ljubljana Iskra"]
[Site "Ljubljana"]
[Date "1992.??.??"]
[Round "?"]
[White "Kiselev, Sergey"]
[Black "Farago, Ivan"]
[Result "0-1"]
[WhiteElo "2540"]
[BlackElo "2520"]

1.d4 e6 2.c4 Nf6 3.Nf3 b6 4.g3 Ba6 5.b3 Bb4+ 6.Bd2 Be7 7.Bg2 d5 8.cxd5 exd5
9.O-O O-O 10.Nc3 Bb7 11.Qc2 Na6 12.a3 c5 13.Rfd1 Qc8 14.Qb2 h6 15.Rac1 Qe6
16.Rc2 Ne4 17.Be3 Rfd8 18.Rdc1 f5 19.Bf4 Rac8 20.Na2 Nb8 21.dxc5 bxc5 22.Qe5 Qf7
23.Qb2 g5 24.Bd2 Bf6 25.Qb1 d4 26.Rd1 Bd5 27.Nc1 Nc6 28.Ne1 Rb8 29.Bxe4 fxe4
30.Rxc5 Be7 31.Rxd5 Qxd5 32.Nc2 d3 33.exd3 exd3 34.Ne1 Bxa3 35.Bc3 Bxc1 36.Rxd3 Qe6
37.Rxd8+ Nxd8 38.Qxc1 Rxb3 39.Qc2 Rb6 40.Ng2 Nf7 41.h4 gxh4 42.gxh4 Qg4 43.Ba5 Rd6
44.Qb2 Rd1+ 45.Kh2 Qd4 46.Bc3 Qd6+ 47.f4 Rd3 48.Qc2 Qg6 49.Kg1 Rg3  0-1

[Event "Ljubljana Iskra"]
[Site "Ljubljana"]
[Date "1992.??.??"]
[Round "?"]
[White "Bukic, Enver"]
[Black "Kiselev, Sergey"]
[Result "1/2-1/2"]
[WhiteElo "2455"]
[BlackElo "2540"]

1.d4 Nf6 2.c4 e6 3.Nf3 b6 4.g3 Ba6 5.b3 Bb4+ 6.Bd2 Be7 7.Bg2 c6 8.Bc3 d5
9.Nbd2 Nbd7 10.O-O O-O 11.Re1 c5 12.e4 Nxe4 13.Nxe4 dxe4 14.Rxe4 Bb7 15.Re3 Bf6
16.dxc5 Bxc3 17.Rxc3 Nxc5 18.b4 Ne4 19.Re3 Qf6 20.Qd4 Rfd8 21.Qxf6 gxf6 22.Rae1 a5
23.a3 Nd6 24.c5 Nf5 25.Rc3 axb4 26.axb4 bxc5 27.bxc5 Bxf3 28.Bxf3 Rac8 29.Kf1 Rc7
30.c6 Kf8 31.Rb1 Nd4 32.Bg2 Ke7 33.Rc4 e5 34.Rc5 Rdc8 35.f4 Nxc6 36.Re1 Kd6
37.Rd5+ Ke7  1/2-1/2

[Event "Ljubljana Iskra"]
[Site "Ljubljana"]
[Date "1992.??.??"]
[Round "?"]
[White "Bukic, Enver"]
[Black "Grosar, Aljosa"]
[Result "1/2-1/2"]
[WhiteElo "2455"]
[BlackElo "2455"]

1.d4 Nf6 2.c4 e6 3.Nf3 b6 4.g3 Ba6 5.b3 Bb4+ 6.Bd2 Be7 7.Bg2 Bb7 8.Nc3 d5
9.cxd5 exd5 10.O-O O-O 11.Qc2 Na6 12.Rad1 c5 13.Bf4 Qc8 14.Be5 h6 15.dxc5 bxc5
16.Nh4 Nb4 17.Qf5 Ng4 18.Qxc8 Raxc8 19.Nf5 Rfe8 20.Bxg7 Ba6 21.h3 d4 22.hxg4 dxc3
23.Bxc3 Bxe2 24.Rd7 Bf8 25.Nd6 Red8 26.Rxd8 Rxd8 27.Re1 Bxg4 28.Ne8 Nxa2
29.Ba1 Be6 30.Nf6+ Kh8 31.Nh5+ Kg8 32.Nf6+ Kh8 33.Nh5+ Kg8  1/2-1/2

[Event "Ljubljana Iskra"]
[Site "Ljubljana"]
[Date "1992.??.??"]
[Round "?"]
[White "Bukic, Enver"]
[Black "Farago, Ivan"]
[Result "1/2-1/2"]
[WhiteElo "2455"]
[BlackElo "2520"]

1.d4 e6 2.c4 Nf6 3.Nf3 b6 4.g3 Ba6 5.b3 Bb4+ 6.Bd2 Be7 7.Bg2 d5 8.cxd5 exd5
9.Nc3 O-O 10.O-O Bb7 11.Qc2 Na6 12.Rad1 h6 13.Ne5 Qc8 14.Bf4 Rd8 15.h4 Bf8
16.Kh2 Qe6 17.Bf3 Qe8  1/2-1/2

[Event "Ljubljana Iskra"]
[Site "Ljubljana"]
[Date "1992.??.??"]
[Round "?"]
[White "Kiselev, Sergey"]
[Black "Grosar, Aljosa"]
[Result "1-0"]
[WhiteElo "2540"]
[BlackElo "2455"]

1.d4 Nf6 2.c4 e6 3.Nf3 b6 4.g3 Ba6 5.b3 Bb4+ 6.Bd2 Be7 7.Bg2 Bb7 8.Nc3 d5
9.cxd5 exd5 10.O-O O-O 11.Qc2 Na6 12.Rfd1 Qd7 13.Bf4 Rfd8 14.Be5 h6 15.a3 c5
16.Rac1 Qe6 17.Bxf6 Bxf6 18.Rd2 Rac8 19.Qd1 c4 20.bxc4 Rxc4 21.e3 Nc5 22.dxc5 Bxc3
23.Rd3 Qf6 24.cxb6 axb6 25.Qb3 Rdc8 26.Rb1 Ba5 27.Nd4 Rc3 28.Rxc3 Rxc3 29.Qa2 Qd6
30.Nb5 Qc5 31.Nxc3 Qxc3 32.Qb3 Qd2 33.Rd1 Qe2 34.Qd3 Qb2 35.Bxd5 Bxd5 36.Qxd5 Qxa3
37.Qa8+ Kh7 38.Qe4+ g6 39.Qe8 Qb3 40.Rd8  1-0

[Event "Ljubljana Iskra"]
[Site "Ljubljana"]
[Date "1992.??.??"]
[Round "?"]
[White "Sifrer, Darko"]
[Black "Magomedov, Magaram"]
[Result "1/2-1/2"]
[WhiteElo "2355"]
[BlackElo "2475"]

1.d4 Nf6 2.Nf3 e6 3.c4 b6 4.g3 Ba6 5.Nbd2 c5 6.Bg2 Bb7 7.O-O cxd4 8.Nb3 Be7
9.Nbxd4 d6 10.b3 O-O 11.Bb2 a6 12.Rc1  1/2-1/2

[Event "Ljubljana op"]
[Site "Ljubljana"]
[Date "1992.??.??"]
[Round "4"]
[White "Tratar, Marko"]
[Black "Jeric, Simon"]
[Result "1-0"]
[WhiteElo "2335"]
[BlackElo "2315"]

1.d4 Nf6 2.c4 e6 3.Nf3 b6 4.g3 Ba6 5.b3 d5 6.cxd5 exd5 7.Bg2 Bb4+ 8.Bd2 Bxd2+
9.Qxd2 O-O 10.O-O Re8 11.Re1 Ne4 12.Qb2 Qf6 13.Nc3 Nxc3 14.Qxc3 c5 15.Rac1 Nd7
16.dxc5 Qxc3 17.Rxc3 Nxc5 18.Nd4 Rad8 19.e3 Kf8 20.Rd1 Bb7 21.b4 Ne6 22.b5 g6
23.Ra3 Ra8 24.Nxe6+ fxe6 25.e4 dxe4 26.Rd7 Re7 27.Rxb7 Rxb7 28.Bxe4 Rab8
29.Bxb7 Rxb7 30.Kg2 Ke7 31.Kf3 Rc7 32.Ke4 h5 33.h4 Rd7 34.f3 Kf6 35.g4 Rc7
36.Ra4 e5 37.Kd5 Rc5+ 38.Kd6 Rxb5 39.Rxa7 hxg4 40.fxg4 e4 41.Re7 Rb4 42.Re6+ Kf7
43.g5 e3 44.Re7+ Kf8 45.Rxe3 Rxh4 46.Ke5 Ra4 47.Kf6 Rxa2 48.Kxg6 b5 49.Re6 Ra8
50.Kh7 Ra7+ 51.Kh6 Ra1 52.Rb6 Rb1 53.Rb8+ Ke7 54.g6 Rh1+ 55.Kg7 Rh5 56.Rb6 Kd7
57.Kf7 Kc7 58.Rf6 b4 59.g7 Rh7 60.Rf4 b3 61.Rb4  1-0

[Event "Ljubljana op"]
[Site "Ljubljana"]
[Date "1992.??.??"]
[Round "6"]
[White "Kanstler, Boris"]
[Black "Podlesnik, Bogdan"]
[Result "1-0"]
[WhiteElo "2445"]
[BlackElo "2370"]

1.d4 Nf6 2.c4 e6 3.Nf3 b6 4.g3 Ba6 5.Qa4 c5 6.Bg2 Bb7 7.dxc5 bxc5 8.O-O Be7
9.Nc3 O-O 10.Rd1 Qb6 11.Bf4 a6 12.Rd2 d6 13.Rad1 Rd8 14.Ng5 Bxg2 15.Kxg2 h6
16.Nge4 Ne8 17.g4 Ra7 18.a3 Rad7 19.b4 Qb7 20.bxc5 f5 21.gxf5 exf5 22.Rb1 Qa8
23.Rxb8 Qxb8 24.cxd6 Qa8 25.Nd5 Bxd6 26.Nxd6 Nxd6 27.f3 Qb7 28.Be5 Kh8 29.Rb2 Qa7
30.Rb6 Nf7 31.Bd4 Kg8 32.e3 Rb7 33.Rg6 Qb8 34.Rxg7+ Kf8 35.Qc2 Qc8 36.e4 Ng5
37.Qc3 fxe4 38.Bc5+ Qxc5 39.Rxb7 exf3+ 40.Kh1 Nf7 41.Qf6  1-0

[Event "Ljubljana op"]
[Site "Ljubljana"]
[Date "1992.??.??"]
[Round "7"]
[White "Tratar, Marko"]
[Black "Savon, Vladimir A"]
[Result "1/2-1/2"]
[WhiteElo "2335"]
[BlackElo "2440"]

1.d4 Nf6 2.c4 e6 3.Nf3 b6 4.g3 Ba6 5.b3 Bb7 6.Bg2 Bb4+ 7.Bd2 c5 8.O-O O-O
9.Bc3 d5 10.cxd5 Nxd5 11.Bb2 cxd4 12.Qxd4 Qf6 13.Ne5 Bc5 14.Qd2 Qe7 15.Nd3 Na6
16.a3 Nf6 17.b4 Bxg2 18.Kxg2 Qb7+ 19.f3 Be7 20.Nc3 Rfd8 21.Rfd1 Rac8 22.Rac1 Nc7
23.e4 Nfe8  1/2-1/2

[Event "Manila ol (Men)"]
[Site "Manila"]
[Date "1992.??.??"]
[Round "?"]
[White "Danielsen, Henrik"]
[Black "Arnason, Jon L"]
[Result "1/2-1/2"]
[WhiteElo "2390"]
[BlackElo "2515"]

1.d4 Nf6 2.Nf3 e6 3.c4 b6 4.g3 Ba6 5.b3 Bb7 6.Bg2 Bb4+ 7.Bd2 a5 8.O-O O-O
9.Nc3 d6 10.Qc2 Nbd7 11.Rfe1 c5 12.e4 d5 13.cxd5 exd5 14.e5 Ne4 15.Nxe4 dxe4
16.Ng5 Bxd2 17.Qxd2 Nxe5 18.Rad1 cxd4 19.Nxe4 Nc6 20.Qf4 Nb4 21.Rd2 d3 22.Red1 Qe7
23.a3 f5 24.Nd6 Bxg2 25.Kxg2 Nd5 26.Qc4 Qxd6 27.Rxd3 Qxa3 28.Rxd5 Kh8 29.Rd7 Qb2
30.R1d6 f4 31.gxf4 b5 32.Qxb5 Rxf4 33.Rd8+ Rf8 34.Qb6 Qe5 35.Rxa8 Qe4+ 36.Kg1 Qxa8
37.Qd4 Qc8 38.Rd7 Qc1+ 39.Kg2 Qg5+ 40.Kf1 h6 41.h4 Qc1+ 42.Kg2 Qc6+ 43.Kf1 Rf6
44.Rd8+ Kh7 45.Qd5 Qc1+ 46.Kg2 Qf4 47.f3 Rg6+ 48.Kf1 Qc1+ 49.Kf2 Qg1+ 50.Ke2 Rg2+
51.Kd3 Qf1+ 52.Ke4 Re2+ 53.Kf4 Qc1+ 54.Kg4 Rg2+ 55.Kf5 g6+ 56.Ke6 Re2+ 57.Kd6 Rd2  1/2-1/2

[Event "Manila ol (Men)"]
[Site "Manila"]
[Date "1992.??.??"]
[Round "?"]
[White "Eingorn, Vereslav S"]
[Black "Dizdarevic, Emir"]
[Result "0-1"]
[WhiteElo "2580"]
[BlackElo "2505"]

1.d4 Nf6 2.Nf3 e6 3.c4 b6 4.g3 Ba6 5.b3 Bb7 6.Bg2 Bb4+ 7.Bd2 c5 8.O-O O-O
9.Bc3 Na6 10.Bb2 cxd4 11.a3 Be7 12.b4 Nb8 13.Nbd2 a5 14.b5 Ra7 15.Bxd4 d6
16.Bb2 Qc8 17.Rc1 Rd8 18.Qc2 h6 19.Rfd1 Ba8 20.h3 Rc7 21.a4 Nbd7 22.Ba3 Bf8
23.Nd4 d5 24.Bxf8 Kxf8 25.Nc6 Bxc6 26.cxd5 exd5 27.Nb3 Bxb5 28.Qxc7 Qxc7
29.Rxc7 Bxa4 30.Rb1 Ke7 31.Nd4 Kd6 32.Ra7 g6 33.Rc1 Ne4 34.e3 Nec5 35.Bf1 Nb3
36.Rc3 Nxd4 37.exd4 Re8 38.Kg2 Re4 39.Rd3 Re1 40.Rd2 Rb1 41.Ba6 Rb4 42.g4 Nb8
43.Bb7 Bd7 44.Rc2 Rxd4 45.Ba8 Be6 46.Rb7 Nd7 47.Rbc7 Ne5 48.Ra7 Nc4 49.Bb7 b5  0-1

[Event "Manila ol (Women)"]
[Site "Manila"]
[Date "1992.??.??"]
[Round "?"]
[White "Peng, Zhaoqin"]
[Black "Horvath, Maria"]
[Result "1-0"]
[WhiteElo "2370"]
[BlackElo "2050"]

1.d4 e6 2.c4 Nf6 3.Nf3 b6 4.g3 Ba6 5.Qc2 d5 6.cxd5 exd5 7.Bg2 Be7 8.Bf4 c6
9.Bxb8 Rxb8 10.Qxc6+ Kf8 11.Qa4 Qc8 12.Nc3 b5 13.Qd1 b4 14.Na4 Ne4 15.O-O Qe8
16.Re1 Bd6 17.Rc1 Bc4 18.Ne5 Bxa2 19.Bxe4 dxe4 20.b3  1-0

[Event "Manila ol (Women)"]
[Site "Manila"]
[Date "1992.??.??"]
[Round "?"]
[White "Litinskaya, Marta I"]
[Black "Csonkics, Tunde"]
[Result "1-0"]
[WhiteElo "2370"]
[BlackElo "2345"]

1.d4 Nf6 2.c4 e6 3.Nf3 b6 4.g3 Ba6 5.b3 Bb7 6.Bg2 Bb4+ 7.Bd2 a5 8.Nc3 O-O
9.O-O h6 10.Qc2 Re8 11.Rad1 Na6 12.Rfe1 Bxc3 13.Bxc3 Be4 14.Qb2 d5 15.Bf1 Bxf3
16.exf3 c6 17.Bg2 Nb8 18.f4 Nbd7 19.Qc2 b5 20.f5 Nf8 21.cxb5 cxb5 22.fxe6 Rxe6
23.Qd3 Qb6 24.Re5 Rd8 25.a3 b4 26.axb4 axb4 27.Bd2 Ne4 28.Be1 Rde8 29.Bxe4 dxe4
30.Qxe4 Ng6 31.Rxe6 Rxe6 32.Qa8+ Kh7 33.d5 Rf6 34.Qe8 Qd6 35.Qe4 h5 36.Bxb4 Qb6
37.Rd4 h4 38.Be7 Rf5 39.Qxf5 Qxd4 40.Bxh4 Qd1+ 41.Kg2 Qxb3 42.Qxf7 Nxh4+
43.gxh4 Qc2 44.Qh5+ Kg8 45.Qe8+ Kh7 46.d6 Qf5 47.f3 Qc2+ 48.Kg3 Qd1 49.Qh5+ Kg8
50.Qe8+ Kh7 51.Qh5+ Kg8 52.Qe5 Qg1+ 53.Kh3 Qf1+ 54.Kg3 Qg1+ 55.Kh3 Qf1+ 56.Kg4 Qg2+
57.Qg3 Qe2 58.Kh5 Qe6 59.Qg6 Qe5+ 60.Kg4 Qxh2 61.Qe8+ Kh7  1-0